Азбука на малкия техник (Запис номер 149055)
[ съкратено ]
| 000 -Лидер | |
|---|---|
| Контролно поле с фиксирана дължина | nam a22 a 4500 |
| 003 - Код на организацията, давaща контролен номер | |
| Контролно поле | BLK |
| 005 - Дата и час на последна редакция | |
| Контролно поле | 20210202170818.0 |
| 008 - Елементи от данни с фиксирана дължина | |
| fixed length control field | 180410b bul|||||r ||||||| ||bul|| |
| 010 ## - Наследен системен номер | |
| LC control number | KNG00155293000 |
| 040 ## - Източник на каталожния запис | |
| Идентификатор на билиотеката - собственик на записа | BLK |
| 041 ## - Код за език | |
| Код за езика на текст/звукозапис или на отделно заглавие | Български |
| Код за езика КДБФ | Български |
| 080 ## - УДК | |
| Текстов определител УДК | Техника. Технически науки |
| УДК код - определител по УДК | 62 |
| УДК определител | :087.5 |
| УДК - код + определител | 62:087.5 |
| 100 1# - Редна дума - Автор | |
| Автор | Диков, Христо |
| Авторска отговорност | първи автор |
| R(LIN) | 330276 |
| 139 ## - Редно поле | |
| Редна дума | Диков, Христо |
| Авторски знак | Дико - Д 54 |
| 245 10 - Сведения за заглавието | |
| Заглавие | Азбука на малкия техник |
| Подзаглавни данни | Науч.-попул. четиво за юноши |
| Редно поле (дума) | Христо Диков; худож. Огнян Мирчев. |
| 257 ## - Страна на издаване | |
| Страна на създаване/издаване | България |
| 260 ## - Област на издателските данни | |
| Име на издателя, разпространителя и проч. | Отечество |
| Година на издаване | 1979 |
| Място на издаване, разпространение и проч. | София |
| 300 ## - Физическа характеристика | |
| Страници | 96 с. |
| Илюстрации и др. | с ил. |
| Размери/Мащаб | 29 см |
| 380 ## - Жанр | |
| Жанр | Детска отраслова лит. |
| 500 ## - Общи забележки | |
| Забележка | 25 115 тир. |
| 650 #4 - Допълнително описание по предмет – тема | |
| Основно описание – тема или топоним | Техника |
| 9 (RLIN) | 173585 |
| 653 ## - Ключова дума – ненормативна | |
| Ключова дума | техника |
| 653 ## - Ключова дума – ненормативна | |
| Ключова дума | детска литература |
| 700 1# - Други автори (авторска отговорност) | |
| Лично име | Мирчев, Огнян |
| Автороска отговорност (Описва отношението между автора и произведението) | худож. |
| 9 (RLIN) | 380378 |
| 852 ## - Местоположение | |
| Форматна сигнатура | Цб ІІ 19364 |
| 856 4# - Електронен адрес и достъп | |
| Електронен формат | pdf - файл |
| 856 4# - Електронен адрес и достъп | |
| Електронен формат | pdf - файл |
| 999 ## - СИСТЕМНИ КОНТРОЛНИ НОМЕРА | |
| Koha biblionumber | 149055 |
| Koha biblioitemnumber | 149055 |
| 942 ## - АРТИКУЛИ | |
| Вид на библиотечния материал | Книги |
| Скрит в OPAC | Не |
| Периодичен библиозапис | Да |
| 944 ## - СЪЗДАВАНЕ И РЕДАКЦИЯ на ЗАПИСА | |
| Създаване/Редакция | Създаване |
| Дата на регистрацията/редакция | 06.01.2014 |
| Статус, дата на статуса | 06.01.2014 - от С1,Р / 06.01.2014 |
| Служител, извършил регистрацията/редакцията | Митко_Георгиев |
| 944 ## - СЪЗДАВАНЕ И РЕДАКЦИЯ на ЗАПИСА | |
| Създаване/Редакция | Редакция |
| Дата на регистрацията/редакция | 06.01.2014 |
| Статус, дата на статуса | 06.01.2014 - от С1,Р / 06.01.2014 |
| 999 ## - СИСТЕМНИ КОНТРОЛНИ НОМЕРА | |
| Koha biblioitemnumber | 149055 |
| Код за отписване | Код за изгубен артикул | Източник на класификационната схема | Код за повреда | Коз за рестрикции | Код за отдаване | Артикулен № | Име на библиотеката - собственик | Име на библиотеката, в която се намира в момента | Статус (Текущо местоположение) | Дата на вписване в системата | Местоположение - отдел | Цена в лева | Инвентарен номер | Систематично азбучна сигнатура | Баркод | Номер на екземпляра | Цена в евро | Служебна бележка | Служебен тип на артикула |
|---|---|---|---|---|---|---|---|---|---|---|---|---|---|---|---|---|---|---|---|
| Не е изгубен | Universal Decimal Classification | Не е повреден | само за читалня | ползва се в читалня | 248613 | Регионална библиотека "Любен Каравелов" Русе | Регионална библиотека "Любен Каравелов" Русе | Хранилище | 1979-01-01 | Хранилище | 1.20 | 281609 | Цб ІІ 19364 | 120000281609 | 1 | 0.61 | N: стар фонд Дата: 01.01.1979 | Книги | |
| Изтеглен | Не е изгубен | Universal Decimal Classification | Не е повреден | без рестрикции | заемане за дома | 248614 | Регионална библиотека "Любен Каравелов" Русе | Регионална библиотека "Любен Каравелов" Русе | Детски отдел | 1979-01-01 | Детски отдел | 1.20 | 282311 | ДН 62/Д 54 | 282311 | 2 | 0.61 | N: стар фонд Дата: 01.01.1979 Дата инв: 02.10.2015 Бележки инв: Д2015 | Книги |
| Изтеглен | Не е изгубен | Universal Decimal Classification | Не е повреден | без рестрикции | заемане за дома | 248615 | Регионална библиотека "Любен Каравелов" Русе | Регионална библиотека "Любен Каравелов" Русе | Детски отдел | 1979-01-01 | Детски отдел | 1.20 | 282314 | ДН 62/Д 54 | 282314 | 3 | 0.61 | N: стар фонд Дата: 01.01.1979 Дата инв: 02.10.2015 Бележки инв: Д2015 | Книги |
| Изтеглен | Не е изгубен | Universal Decimal Classification | Не е повреден | без рестрикции | заемане за дома | 248616 | Регионална библиотека "Любен Каравелов" Русе | Регионална библиотека "Любен Каравелов" Русе | Детски отдел | 1979-01-01 | Детски отдел | 1.20 | 282318 | ДН 62/Д 54 | 282318 | 4 | 0.61 | N: стар фонд Дата: 01.01.1979 Дата инв: 02.10.2015 Бележки инв: Д2015 | Книги |